| 000 | 00479nam a22001937a 4500 | ||
|---|---|---|---|
| 003 | MPLRDC | ||
| 005 | 20220104155312.0 | ||
| 008 | 210129b ||||| |||| 00| 0 eng d | ||
| 020 | _a986-127-057-4 | ||
| 082 | _a416.25 XSJ | ||
| 100 | _a徐世军 | ||
| 245 |
_a远离酸痛的筋骨保健书 _c |
||
| 250 | _a初版 | ||
| 260 |
_a _b华文网股份有限公司 _c2003 |
||
| 300 | _b平 | ||
| 490 | _a健康医Q. 06 | ||
| 650 | _a筋骨保健书 | ||
| 942 |
_cBK _o416.25 XSJ |
||
| 999 |
_c54422 _d54412 |
||